European City or U.S City? - Statistics

General Stats
  • This quiz has been taken 422 times
  • The average score is 17 of 20
Answer Stats
Question Answer % Correct
Lyon Europe
100%
Charlotte United States
100%
Glasgow Europe
96%
Valencia Europe
96%
Porto Europe
96%
Providence United States
93%
Antwerp Europe
89%
Odense Europe
89%
Eugene United States
89%
Pasadena United States
86%
Galway Europe
82%
Akron United States
82%
Larissa Europe
75%
Rochester United States
75%
Modena Europe
71%
Lafayette United States
71%
Barysaw Europe
68%
Bellevue United States
68%
Hilo United States
61%
Provo United States
61%
No matching quizzes found
Score Distribution
Percent of People with Each Score
Percentile by Number Answered
Your Score History
You have not taken this quiz